Change My Mind (All Lyrics) - One Direction - Statistics

General Stats
  • This quiz has been taken 10 times
  • The average score is 155 of 236
Answer Stats
Answer % Correct
be
86%
change
86%
I
86%
if
86%
If
86%
mind
86%
my
86%
The
86%
the
86%
to
86%
when
86%
you
86%
you'l
86%
away
71%
away,
71%
baby,
71%
don't
71%
I'll
71%
I'm
71%
in
71%
know,
71%
me
71%
mine
71%
So
71%
So,
71%
walking
71%
wanna
71%
want
71%
As
57%
'Cause
57%
end
57%
for
57%
go,
57%
go
57%
like
57%
night
57%
no
57%
of
57%
or
57%
say
57%
should
57%
stay
57%
stay,
57%
We
57%
we
57%
Won't
57%
won't
57%
you'll
57%
Are
43%
are
43%
before
43%
But
43%
But,
43%
door,
43%
felt
43%
friends
43%
goodbye
43%
laugh
43%
more?
43%
Never
43%
not
43%
on
43%
sure
43%
this
43%
towards
43%
along
29%
carry
29%
dance
29%
music
29%
photographs
29%
take
29%
There's
29%
everyone's
14%
gone
14%
While
14%
Lean
0%
No matching quizzes found
Score Distribution
Percent of People with Each Score
Percentile by Number Answered
Your Score History
You have not taken this quiz